00493nam a22001577a 450000500170000001000150001702000260003203500140005803700130007208200140008510000270009924500710012626000450019727000590024230000340030120180412104638.0 aENG-122457 a9788171398683c800.00 aEN-105989 bDBAD/PUB a954.05092 aTrivedi, Priya Ranjan  aRam nath kovind:cby Priya Ranjan Trivedibfrom ranks to raisina / aNew DelhibJnanada Prakashan (P&D)c2017 a4837/2, 24, Ansari Road, Daryaganj,bNew Delhie110002 a243p.bill. picturec21cm(Hb)